L'année 2025 - Statistiques

Statistiques générales
  • Ce quiz a été pris 142 fois
  • Le résultat moyen est 18 sur 28
Statistiques - réponses
Hint Réponse % Correct
Quel homme politique français d'extrême droite cofondateur du Front national est mort le 7 janvier 2025 ? Jean-Marie Le Pen
99%
Qui a été investit président des Etats-Unis le 20 janvier 2025 ? Donald Trump
98%
Quelle figure politique française a été condamnée le 31 mars 2025 à deux ans de prison ferme et cinq ans d'inéligibilité immédiate dans l'affaire des assistants parlementaires du RN ? Marine Le Pen
94%
Quel acteur hollywoodien a vu son identité usurpée par des escrocs sur les réseaux sociaux pour soutirer 150 000 euros à une française prénommée Anne, dont le témoignage a été diffusé sur TF1 le 12 janvier ? Brad Pitt
91%
En plus de l'Espagne, quel pays a été plongé dans le noir le 28 avril 2025 lors d'un "black-out" géant causé par une surtension inédite sur le réseau ibérique ? Portugal
85%
Quel ancien chef d'État est devenu, le 25 septembre 2025, le premier président de la Ve République condamné à de la prison ferme (5 ans) dans l'affaire du financement libyen ? Nicolas Sarkozy
84%
Quel pays a remporté le Tournoi des Six Nations le 15 mars 2025, après sa victoire décisive contre l'Écosse au Stade de France ? France
83%
Quel célèbre monument parisien a été le théâtre d'un cambriolage spectaculaire le 19 octobre 2025, entraînant sa fermeture exceptionnelle pendant plusieurs jours ? Musée du Louvre
82%
Quel club a remporté le 31 mai 2025 sa toute première Ligue des Champions de son histoire lors de la finale à Munich ? PSG
79%
Quelle chanteuse internationale s'est envolée le 14 avril 2025 pour un voyage spatial 100 % féminin à bord d'une fusée Blue Origin ? Katy Perry
77%
Dans quel pays le président Yoon Suk-yeol a-t-il été destitué le 4 avril 2025, après avoir tenté d'instaurer illégalement la loi martiale et envoyé l'armée au Parlement ? Corée du Sud
76%
Quelle icône mondiale du cinéma, égérie des années 1950 et fervente défenseuse de la cause animale, s'est éteinte le 28 décembre 2025 à Saint-Tropez à l'âge de 91 ans ? Brigitte Bardot
75%
Quelle chanteuse a enfin remporté le 2 février 2025, le Grammy de l'Album de l'année pour son album aux accents country, Cowboy Carter ? Beyoncé
74%
Quel pays a été la cible d'une offensive aérienne massive d'Israël le 13 juin 2025, visant spécifiquement ses cadres militaires et ses scientifiques nucléaires ? Iran
69%
Qui a été nommé Premier ministre le 9 septembre 2025, avant de démissionner le 6 octobre puis d'être reconduit pour former un second gouvernement quatre jours plus tard ? Sébastien Lecornu
67%
Quelle figure politique conservatrice américaine d'extrême droite et fondateur de Turning Point USA a été assassinée le 10 septembre 2025 à Orem, dans l'Utah ? Charlie Kirk
60%
Quel rappeur américain a assuré le spectacle de la mi-temps du Super Bowl LIX le 9 février 2025, marquant les esprits en interprétant son titre "Not Like Us" aux côtés de Serena Williams ? Kendrick Lamar
58%
Quel animateur et producteur de télévision français emblématique, surnommé « l'homme en noir », est décédé le 14 juillet 2025 ? Thierry Ardisson
56%
Le 28 février 2025, en plus de C8, quelle autre chaîne historique a perdu sa fréquence de la TNT suite à la décision de l'Arcom ? NRJ 12
55%
Quelle région a remporté le titre de Miss France 2026 lors de la 96e élection organisée le 6 décembre 2025 à Amiens ? Tahiti
48%
De quel pays Mark Carney est-il devenu le nouveau Premier ministre le 14 mars 2025 ? Canada
47%
Comment se nomme le nouveau pape, premier Américain de l'histoire à ce poste, élu le 8 mai 2025 pour succéder au pape François ? Léon XIV
47%
Quelle grande figure de la justice française, connue pour avoir porté l'abolition de la peine de mort, fait son entrée au Panthéon le 9 octobre 2025 ? Robert Badinter
47%
Quel film d'animation phénomène, mélangeant chasse aux monstres et musique coréenne, est sorti sur Netflix le 20 juin 2025 ? KPop Demon Hunters
32%
Quel établissement scolaire du Béarn est au cœur d'un scandale de pédocriminalité révélé le 11 février, et au sujet duquel François Bayrou a nié avoir reçu des alertes malgré son rôle d'élu local ? Notre-Dame de Bétharram
32%
Quel pays a remporté la 69e édition de l'Eurovision le 17 mai 2025 à Bâle, grâce à la chanson Wasted Love interprétée par JJ ? Autriche
23%
Quelle légende du heavy metal et chanteur emblématique de Black Sabbath s'est éteinte le 22 juillet 2025 à l'âge de 76 ans, des suites de la maladie de Parkinson ? Ozzy Osbourne
23%
Quelle nouvelle chaîne généraliste a été lancée sur le canal 18 de la TNT le 6 juin 2025, remplaçant ainsi Gulli qui a déménagé sur le canal 12 ? T18
20%
Aucun quiz correspondant
Distribution des résultats
% des personnes avec chaque résultat
Percentile par nombre de réponses
Votre historique - résultats
Vous n’avez pas pris ce quiz